Normal view
MARC view
- Avedaño Inestrillas, Jorge
Entry Nombre Personal
001 - NUMERO DE CONTROL
- campo de control: 51060
003 - IDENTIFICADOR DE NUMERO DE CONTROL
- campo de control: UPN
005 - FECHA Y HORA DE LA ÜLTIMA TRANSACCIÓN
- campo de control: 20240216094834.0
008 - DATOS DE LONGITUD FIJA
- campo de control de longitud fija: 240216|| aca||abbn | aaa d
040 ## - FUENTE DE CATALOGACIÓN
- Agencia original de catalogación: MX-MxUPN
- Lenguaje de catalogación: spa
100 1# - ENCABEZAMIENTO - NOMBRE PERSONAL
- Nombre personal: Avedaño Inestrillas, Jorge
377 ## - LENGUA ASOCIADA
- Language code: spa
670 ## - FUENTE EN LA QUE SE LOCALIZARON DATOS
- Cita de la fuente: Clínica Mayo. Examen clínico neurológico, 1984:
- Información localizada: página legal (Revisión y traducción de la tercera edición en español por Jorge Avedaño Inestrillas)
902 ## - CATALOGADOR
- Catalogador: MaríaRobles/160224
